|
|
|
|
| LEADER |
00000nam0a2200000 4500 |
| 001 |
24063 |
| 005 |
20231030200042.0 |
| 010 |
|
|
|a 5296001117
|
| 035 |
|
|
|a (RuTPU)RU\TPU\book\24289
|
| 035 |
|
|
|a BOOK00000073
|
| 090 |
|
|
|a 24063
|
| 100 |
|
|
|a 20011209d2000 m y0rusy50 ca
|
| 101 |
0 |
|
|a rus
|
| 102 |
|
|
|a RU
|
| 105 |
|
|
|a a j 001zy
|
| 200 |
1 |
|
|a Сборник бизнес-планов с комментариями и рекомендациями
|f Российская Экономическая Академия им. Г. В. Плеханова; Под ред. В. М. Попова
|
| 205 |
|
|
|a 3-е изд., доп. и перераб.
|
| 210 |
|
|
|a Москва
|c КноРус
|c Гном и Д
|d 2000
|
| 215 |
|
|
|a 360 с.
|c ил.
|
| 225 |
1 |
|
|a Книга менеджера
|
| 320 |
|
|
|a Библиогр.: с. 357-358
|
| 333 |
|
|
|a Исключено из фонда НТБ ТПУ
|
| 451 |
|
1 |
|0 (RuTPU)RU\TPU\book\108751
|y 5-85971-452-1
|t Сборник бизнес-планов: с рекомендациями и комментариями
|o учебно-методическое пособие
|f В. М. Попов [и др.]
|g под ред. В. М. Попова, С. И. Ляпунова
|e 6-е изд., стер.
|c М.
|n Кнорус
|d 2006
|p 336 с.
|
| 451 |
|
1 |
|0 (RuTPU)RU\TPU\book\12299
|y 5842900025
|t Сборник бизнес-планов с комментариями и рекомендациями
|o Учебно-практическое пособие
|f Под общей ред. В. М. Попова
|c М.
|n КноРус
|d 1999
|p 384 с.
|s Книга менеджера
|
| 686 |
|
|
|a У9(2)29-2
|v LBC/SL-A
|2 rubbk
|
| 686 |
|
|
|a У012.1
|v LBC/SL-A
|2 rubbk
|
| 702 |
|
1 |
|a Попов
|b В. М.
|g Вадим Михайлович
|4 340
|
| 712 |
0 |
2 |
|a Российская Экономическая Академия им. Г. В. Плеханова
|
| 801 |
|
0 |
|a RU
|b 63413507
|c 20011209
|g PSBO
|
| 801 |
|
2 |
|a RU
|b 63413507
|c 20220425
|g PSBO
|
| 942 |
|
|
|c BK
|